|
|
|
|
| LEADER |
00000nam0a2200000 4500 |
| 001 |
294293 |
| 005 |
20231102000700.0 |
| 020 |
|
|
|a RU
|b 84-17958
|
| 035 |
|
|
|a (RuTPU)RU\TPU\book\319348
|
| 090 |
|
|
|a 294293
|
| 100 |
|
|
|a 20150512d1984 k y0rusy5003 ca
|
| 101 |
0 |
|
|a rus
|
| 102 |
|
|
|a RU
|
| 105 |
|
|
|a y z 001zy
|
| 200 |
1 |
|
|a Химико-аналитический контроль - средство повышения качества продукции
|e [сборник]
|f Общество "Знание" РСФСР ; Московский Дом научно-технической пропаганды ; под ред. И. П. Харламова
|
| 210 |
|
|
|a Москва
|c МДНТП
|d 1984
|
| 215 |
|
|
|a 162 с.
|
| 320 |
|
|
|a Библиография в конце статей
|
| 606 |
|
|
|a Промышленная продукция
|x Качество
|x Статистический контроль
|2 stltpush
|3 (RuTPU)RU\TPU\subj\52227
|9 70715
|
| 610 |
1 |
|
|a стали
|
| 610 |
1 |
|
|a цирконий
|
| 610 |
1 |
|
|a определение
|
| 610 |
1 |
|
|a микро-ЭВМ
|
| 610 |
1 |
|
|a применение
|
| 610 |
1 |
|
|a нитрид бора
|
| 610 |
1 |
|
|a фазовый состав
|
| 610 |
1 |
|
|a фтор
|
| 610 |
1 |
|
|a рутений
|
| 610 |
1 |
|
|a растворы
|
| 610 |
1 |
|
|a химические элементы
|
| 610 |
1 |
|
|a потери
|
| 610 |
1 |
|
|a термометрия
|
| 610 |
1 |
|
|a никелевые сплавы
|
| 610 |
1 |
|
|a контроль качества
|
| 610 |
1 |
|
|a спектрометрический анализ
|
| 675 |
|
|
|a 658.562
|v 3
|
| 702 |
|
1 |
|a Харламов
|b И. П.
|4 340
|
| 712 |
0 |
2 |
|a Общество "Знание" РСФСР
|c (Москва)
|2 stltpush
|3 (RuTPU)RU\TPU\col\7484
|
| 712 |
0 |
2 |
|a Московский Дом научно-технической пропаганды
|2 stltpush
|3 (RuTPU)RU\TPU\col\7885
|9 24405
|
| 801 |
|
0 |
|a RU
|b RuMRKP
|c 19950704
|g psbo
|
| 801 |
|
1 |
|a RU
|b 63413507
|c 20150512
|
| 801 |
|
2 |
|a RU
|b 63413507
|c 20180508
|g RCR
|
| 942 |
|
|
|c BK
|